01679nam a22001817a 450000500170000000800410001702000180005805000160007624501310009226001380022330000430036149000670040450000300047150508870050165000310138870000390141970000390145820231102152115.0190807s 2010m ||||| |||| 00| 0 spa d a9786074012316 aJZ1242bP46 aPerspectivas sobre temas de relaciones internacionalescFelipe / Cuamea Velázquez, Ana B. Mungaray Moctezuma, coordinadores aMéxicob : Cámara de Diputados, LXI Legislaturab : Universidad Autónoma de Baja Californiab : Miguel Ángel Porrúac, 2010 a292 páginasb : ilustraciones, mapas a Conocer para decidiraSerie conmemorativa 50 Aniversario UABC aIncluye: índice general aContenido: Presentación Liberalismo y cooperación internacional: perspectiva histórica Los organismos internacionales en el siglo XXI: ¿globales o regionales? Actors´s (mis) perceptions in international relations La nueva política de la globalización, los sitesmas políticos y su importancia en las relaciones internacionales La política mexicana en los medios de comunicación en Italia La frontera de china: principales conflictos territoriales y étnicos La cooperación en materia de seguridad pública en la región La relación ser humano-agua desde el análisis de redes de política globales Redes transfronterizas de movilidad académica y estudiantil en baja california Exploración de retos para el desarrollo de un mercado de las tecnologías de la información en países emergentes Consideraciones espaciales del arte en el contexto global 0aRELACIONES INTERNACIONALES aCuamea Velázquez, Felipeeeditor aMungaray Moctezuma, Ana B.eeditor